LIBRARY ONLINE CATALOGUE

Professional counseling : (Record no. 19913)

MARC details
000 -LEADER
fixed length control field 01162cam a2200349 i 4500
001 - CONTROL NUMBER
control field 18652920
003 - CONTROL NUMBER IDENTIFIER
control field OSt
005 - DATE AND TIME OF LATEST TRANSACTION
control field 20230203111216.0
008 - FIXED-LENGTH DATA ELEMENTS--GENERAL INFORMATION
fixed length control field 150610s2017 mau b 001 0 eng
010 ## - LIBRARY OF CONGRESS CONTROL NUMBER
LC control number 2015021938
020 ## - INTERNATIONAL STANDARD BOOK NUMBER
International Standard Book Number 9780134165776 (pbk.)
020 ## - INTERNATIONAL STANDARD BOOK NUMBER
International Standard Book Number 0134165772
040 ## - CATALOGING SOURCE
Original cataloging agency DLC
Language of cataloging eng
Transcribing agency DLC
Description conventions rda
Modifying agency DLC
042 ## - AUTHENTICATION CODE
Authentication code pcc
050 00 - LIBRARY OF CONGRESS CALL NUMBER
Classification number RC466
Item number .H33 2017
100 1# - MAIN ENTRY--PERSONAL NAME
Personal name Hackney, Harold,
Dates associated with a name 1935-
245 10 - TITLE STATEMENT
Title Professional counseling :
Remainder of title a process guide to helping /
Statement of responsibility, etc. Harold L. Hackney & Janine M. Bernard
250 ## - EDITION STATEMENT
Edition statement 8th ed.
264 #1 - PRODUCTION, PUBLICATION, DISTRIBUTION, MANUFACTURE, AND COPYRIGHT NOTICE
Place of production, publication, distribution, manufacture Boston :
Name of producer, publisher, distributor, manufacturer Pearson,
Date of production, publication, distribution, manufacture, or copyright notice 2017
300 ## - PHYSICAL DESCRIPTION
Extent xv, 296 p.
336 ## - CONTENT TYPE
Content type term text
Source rdacontent
337 ## - MEDIA TYPE
Media type term unmediated
Source rdamedia
338 ## - CARRIER TYPE
Carrier type term volume
Source rdacarrier
500 ## - GENERAL NOTE
General note Revision of: Professional counselor / Harold L. Hackney, Sherry Cormier. 2013. 7th ed.
504 ## - BIBLIOGRAPHY, ETC. NOTE
Bibliography, etc Includes bibliographical references and index.
650 #0 - SUBJECT ADDED ENTRY--TOPICAL TERM
Topical term or geographic name as entry element Mental health counseling.
650 #0 - SUBJECT ADDED ENTRY--TOPICAL TERM
Topical term or geographic name as entry element Counseling.
700 1# - ADDED ENTRY--PERSONAL NAME
Personal name Bernard, Janine M.
906 ## - LOCAL DATA ELEMENT F, LDF (RLIN)
a 7
b cbc
c orignew
d 1
e ecip
f 20
g y-gencatlg
942 ## - ADDED ENTRY ELEMENTS (KOHA)
Source of classification or shelving scheme Library of Congress Classification
Koha item type General Collection
Holdings
Withdrawn status Lost status Source of classification or shelving scheme Not for loan Home library Current library Date acquired Cost, normal purchase price Total Checkouts Full call number Barcode Date last seen Date last checked out Price effective from Koha item type
    Library of Congress Classification   Kabarak, Main Campus Kabarak, Main Campus 03/02/2023 13269.00 1 RC466 .H33 2017 c.1 34971 02/02/2026 17/01/2026 03/02/2023 General Collection
    Library of Congress Classification   Kabarak, Main Campus Kabarak, Main Campus 03/02/2023 13269.00   RC466 .H33 2017 c.2 34651 06/02/2023   03/02/2023 General Collection